Quien es el actor / actriz #2 - Estadísticas

Estadísticas generales
  • Esta prueba ha sido intentada 158 veces
  • La puntuación promedio es 6 de 16
Estadísticas de respuestas
Imagen Respuesta % Correcto
Jason Momoa
85%
Keanu Reeves
80%
Robert Pattinson
79%
Ben Affleck
68%
Christian Bale
60%
Gal Gadot
56%
Zoë Kravitz
45%
Amy Adams
41%
Michael Keaton
38%
Christopher Reeve
31%
Nathan Fillion
19%
Xolo Maridueña
11%
Tyler Hoechlin
9%
Sasha Calle
4%
David Corenswet
2%
Rachel Brosnahan
2%
No se encontraron pruebas coincidentes
Distribución de puntuación
Porcentaje de gente con cada puntuación
Porcentaje por número respondido
Historial de tus puntuaciones
No has intentado esta prueba.